LEADER 01031nam a22002411i 4500 001 991003153759707536 005 20030903100929.0 008 030925s1868 it |||||||||||||||||ita 035 $ab12387447-39ule_inst 035 $aARCHE-043497$9ExL 040 $aBiblioteca Interfacoltà$bita$cA.t.i. Arché s.c.r.l. Pandora Sicilia s.r.l. 082 04$a850.9002 100 0 $aLasca$d<1503-1583>$0441933 245 13$aLe cene di Antonfrancesco Grazzini detto il Lasca :$briscontrate sui migliori codici /$ccon annotazioni di B. Fabricatore 260 $aNapoli :$bSocieta editrice dei Novellieri italiani,$c1868 300 $aXXVI, 285 p. ;$c20 cm 700 1 $aFabricatore, Bruto 907 $a.b12387447$b02-04-14$c08-10-03 912 $a991003153759707536 945 $aLE002 It. III A 28 (Fondo Guerrieri)$g1$i2002000155320$lle002$o-$pE0.00$q-$rn$so $t0$u0$v0$w0$x0$y.i12794727$z08-10-03 996 $aCene di Antonfrancesco Grazzini detto il Lasca$9169613 997 $aUNISALENTO 998 $ale002$b08-10-03$cm$da $e-$fita$git $h3$i1 LEADER 01096nam a2200313 i 4500 001 991002868529707536 005 20020509104333.0 008 010514s1969 it ||| | ita 035 $ab11073615-39ule_inst 035 $aPARLA170690$9ExL 040 $aDip.to Filosofia$bita 082 0 $a701.17 100 1 $aHartmann, Nicolai$0158986 245 12$aL'estetica /$cNicolai Hartmann ; con uno studio di Dino Formaggio su Arte e possibilità in N. Hartmann 260 $aPadova :$bLiviana,$c1969 300 $aVI, 189 p. ;$c21 cm. 490 0 $aOrientamenti di estetica 490 0 $aIdee nuove ;$v62 500 $aDa: Moglichkeit und Wirklichkeit, Asthetik 500 $aTrad. e note di M. Cacciari 650 4$aEstetica 700 1 $aCacciari, Massimo 700 1 $aFormaggio, Dino 907 $a.b11073615$b23-02-17$c28-06-02 912 $a991002868529707536 945 $aLE005IF XXXV E 47$g1$i2005000260872$lle005$o-$pE0.00$q-$rl$s- $t0$u3$v1$w3$x0$y.i11202610$z28-06-02 996 $aEstetica$9860393 997 $aUNISALENTO 998 $ale005$b01-01-01$cm$da $e-$fita$git $h2$i1